[Event "Karlsruhe Grenke op"]
[Site "Karlsruhe"]
[Date "2024.03.30"]
[Round "4"]
[White "Maurizzi, Marc Andria"]
[Black "Yelisieiev, Yevhenii"]
[Result "1-0"]
[WhiteElo "2602"]
[BlackElo "2411"]
[PlyCount "187"]
[EventDate "2024.03.28"]
[EventType "swiss"]
[EventRounds "9"]
[EventCountry "GER"]
[SourceTitle "CB14_2024"]
[SourceDate "2024.04.01"]
[SourceVersion "1"]
[SourceVersionDate "2024.04.01"]
[SourceQuality "1"]

1. e4 d6 2. d4 Nf6 3. Nc3 e5 4. Nge2 c6 5. h3 b5 6. a3 h5 7. Ng1 Nbd7 8. Nf3 Bb7 9. Be2 a5 10. Ng5 b4 11. dxe5 Nxe5 12. Na4 Be7 13. Be3 c5 14. f4 Nfd7 15. h4 Ng4 16. Bxg4 hxg4 17. Qxg4 Bxg5 18. fxg5 Bc6 19. b3 Qe7 20. axb4 axb4 21. h5 Qxe4 22. Qxe4+ Bxe4 23. 0-0-0 d5 24. Rh4 Bxg2 25. Rd2 Be4 26. Nxc5 Nxc5 27. Bxc5 Rh7 28. Kb2 Rb8 29. c4 bxc3+ 30. Kxc3 f6 31. g6 Rh8 32. b4 Ra8 33. b5 Ra1 34. Rd4 Rc1+ 35. Kb4 Rb1+ 36. Ka5 Ra1+ 37. Kb4 Rb1+ 38. Ka5 Ra1+ 39. Kb6 Kd7 40. Kb7 Ke6 41. b6 f5 42. h6 f4 43. Rxe4+ dxe4 44. Bd4 Raa8 45. Bxg7 Rhb8+ 46. Kc6 Rc8+ 47. Kb5 Kf5 48. Bd4 Kxg6 49. Rxf4 Kxh6 50. Rxe4 Re8 51. Rg4 Kh5 52. Rg1 Rad8 53. Bc5 Rd2 54. Rb1 Rd7 55. Kc6 Rf7 56. Bd6 Rc8+ 57. Bc7 Rf2 58. Kd7 Rcf8 59. b7 R2f7+ 60. Kc6 Rf6+ 61. Kd5 Kg6 62. Be5 Rd8+ 63. Ke4 Rff8 64. Rb6+ Kf7 65. b8Q Rxb8 66. Bxb8 Rh8 67. Be5 Rh4+ 68. Kd5 Rh7 69. Rb1 Rh3 70. Rb7+ Kg6 71. Ke6 Rf3 72. Rg7+ Kh5 73. Rg8 Kh4 74. Kd5 Rf1 75. Ke4 Kh3 76. Rg3+ Kh2 77. Bf4 Kh1 78. Rg7 Rb1 79. Rh7+ Kg2 80. Rh2+ Kg1 81. Ra2 Rf1 82. Bg3 Kh1 83. Ke3 Kg1 84. Rh2 Ra1 85. Kf3 Ra3+ 86. Kg4 Ra8 87. Rb2 Ra4+ 88. Kh3 Kf1 89. Rf2+ Kg1 90. Rf3 Ra2 91. Bf4 Ra1 92. Be3+ Kh1 93. Rf2 Kg1 94. Ra2+ 1-0

[Event "Karlsruhe Grenke op"]
[Site "Karlsruhe"]
[Date "2024.03.29"]
[Round "2"]
[White "Maurizzi, Marc Andria"]
[Black "Smeets, Kobe"]
[Result "1-0"]
[WhiteElo "2602"]
[BlackElo "2244"]
[PlyCount "75"]
[EventDate "2024.03.28"]
[EventType "swiss"]
[EventRounds "9"]
[EventCountry "GER"]
[SourceTitle "CB14_2024"]
[SourceDate "2024.04.01"]
[SourceVersion "1"]
[SourceVersionDate "2024.04.01"]
[SourceQuality "1"]

1. e4 c5 2. Nf3 e6 3. c3 Nf6 4. Bd3 d5 5. e5 Nfd7 6. Bc2 d4 7. 0-0 Nc6 8. Ba4 Qc7 9. Re1 dxc3 10. Nxc3 a6 11. Bxc6 Qxc6 12. d4 cxd4 13. Nxd4 Qb6 14. Be3 Qa5 15. Rc1 Be7 16. Nb3 Qd8 17. Qg4 Nxe5 18. Qxg7 Ng6 19. Red1 Bd7 20. Nc5 Bf8 21. Qd4 Bc6 22. Qc4 Qc7 23. N3e4 Be7 24. Nxb7 Ne5 25. Qc3 Qxb7 26. Qxe5 Rg8 27. f3 Bxe4 28. fxe4 Qb5 29. Qc3 Qb7 30. Rd4 Bf6 31. Rb4 Bxc3 32. Rxb7 Be5 33. Rc5 Bd6 34. Rh5 Rc8 35. e5 Rb8 36. Ra7 Rxb2 37. exd6 Rgxg2+ 38. Kf1 1-0

[Event "Titled Tuesday intern op 12th Mar Late"]
[Site "Chess.com INT"]
[Date "2024.03.12"]
[Round "8"]
[White "Grischuk, Alexander"]
[Black "Maurizzi, Marc Andria"]
[Result "1/2-1/2"]
[WhiteElo "2732"]
[BlackElo "2602"]
[PlyCount "141"]
[EventDate "2024.03.12"]
[EventType "swiss (blitz)"]
[EventRounds "11"]
[EventCountry "USA"]
[SourceTitle "CB12_2024"]
[SourceDate "2023.10.01"]
[SourceVersion "1"]
[SourceVersionDate "2023.10.01"]
[SourceQuality "1"]

1. d4 Nf6 2. c4 e6 3. Bg5 Bb4+ 4. Nd2 h6 5. Bh4 0-0 6. Ngf3 b6 7. a3 Bxd2+ 8. Nxd2 Bb7 9. e3 d6 10. f3 Nbd7 11. Be2 c5 12. b4 Qc7 13. 0-0 Rac8 14. Rc1 Rfe8 15. Re1 Bc6 16. Nb1 e5 17. d5 Bb7 18. Nc3 a6 19. Bd3 Nh7 20. Qc2 Nhf8 21. b5 Ra8 22. Rb1 a5 23. Re2 Bc8 24. Rf1 g5 25. Be1 Nf6 26. g4 N6h7 27. h4 f6 28. Rh2 Re7 29. hxg5 hxg5 30. Kg2 Ra7 31. Rfh1 Qd8 32. Rh6 Rg7 33. Kg1 Raf7 34. Kf1 f5 35. gxf5 g4 36. fxg4 Rxg4 37. e4 Qg5 38. Qd2 Rf4+ 39. Bf2 R4xf5 40. Qxg5+ Rxg5 41. Rxd6 Nf6 42. Ke2 Rg2 43. Rg1 Bg4+ 44. Ke1 Rxf2 45. Kxf2 Nxe4+ 46. Ke3 Nxd6 47. Rxg4+ Kh8 48. Ne4 Nf5+ 49. Kd2 Rg7 50. Ng5 Nd4 51. Ke3 Kg8 52. Ke4 Nd7 53. Ke3 Nf6 54. Rg1 Nh5 55. Nh3 Ng3 56. Bb1 Kf8 57. Kf2 Nh5 58. Rxg7 Nxg7 59. Ke3 Ke7 60. Nf2 Ne8 61. Ne4 Nd6 62. Nxd6 Kxd6 63. Be4 Nb3 64. Bc2 Nd4 65. Be4 Ke7 66. Bd3 Kf6 67. Be4 Nb3 68. Bc2 Nd4 69. Be4 Ke7 70. Bd3 Kd6 71. Be4 1/2-1/2

[Event "Titled Tuesday intern op 12th Mar Late"]
[Site "Chess.com INT"]
[Date "2024.03.12"]
[Round "11"]
[White "Maurizzi, Marc Andria"]
[Black "Naroditsky, Daniel"]
[Result "1/2-1/2"]
[WhiteElo "2602"]
[BlackElo "2619"]
[PlyCount "220"]
[EventDate "2024.03.12"]
[EventType "swiss (blitz)"]
[EventRounds "11"]
[EventCountry "USA"]
[SourceTitle "CB12_2024"]
[SourceDate "2023.10.01"]
[SourceVersion "1"]
[SourceVersionDate "2023.10.01"]
[SourceQuality "1"]

1. e4 Nf6 2. e5 Nd5 3. d4 d6 4. Nf3 dxe5 5. Nxe5 c6 6. Be2 Bf5 7. 0-0 Nd7 8. Nf3 e6 9. c4 N5f6 10. Nc3 Bd6 11. d5 cxd5 12. cxd5 exd5 13. Nxd5 Be6 14. Nxf6+ Nxf6 15. Bb5+ Kf8 16. Bg5 a6 17. Ba4 Bc5 18. Qe2 b5 19. Bb3 Bxb3 20. axb3 h6 21. Bh4 Qe7 22. Qc2 Qa7 23. Rac1 Be7 24. Rfe1 Re8 25. Qf5 g5 26. Bg3 Qd7 27. Qb1 Kg7 28. Rc7 Qd8 29. Rd1 Qa8 30. Nd4 Bd8 31. Nf5+ Kg8 32. Rcc1 Qe4 33. Qxe4 Nxe4 34. Nd6 Nxd6 35. Rxd6 Bc7 36. Rxa6 Bxg3 37. hxg3 Kg7 38. Rb6 Re2 39. Rxb5 Rxb2 40. Rb7 Rd8 41. b4 Rdd2 42. Rf1 h5 43. b5 Rd5 44. b6 Rf5 45. Rb8 Rfb5 46. Re1 Rf5 47. Rf1 Rf6 48. b7 Rfb6 49. Re1 Rxb7 50. Rxb7 Rxb7 51. Re3 Kg6 52. Rf3 Rb1+ 53. Kh2 Rf1 54. Ra3 Rxf2 55. Kg1 Rd2 56. Kh2 f6 57. Ra6 Rd3 58. Ra4 Rd5 59. Ra6 Rd4 60. Ra3 Re4 61. Rc3 Re5 62. Rb3 Rc5 63. Rd3 Re5 64. Ra3 Kf5 65. Rf3+ Ke6 66. Ra3 Re4 67. Ra6+ Kf5 68. Ra5+ Kg4 69. Ra6 f5 70. Ra3 Rc4 71. Rb3 Ra4 72. Rc3 Rb4 73. Ra3 Rb2 74. Rc3 h4 75. gxh4 Kxh4 76. Rh3+ Kg4 77. Rg3+ Kf4 78. Rf3+ Ke4 79. Ra3 f4 80. Kh3 g4+ 81. Kxg4 Rxg2+ 82. Kh3 Rd2 83. Kg4 Rg2+ 84. Kh3 Rd2 85. Kg4 Rd4 86. Rf3 Ke5 87. Ra3 Rc4 88. Kf3 Rc5 89. Ra4 Rc3+ 90. Kf2 Rc2+ 91. Kf3 Rc3+ 92. Kf2 Kf5 93. Ra8 Rc2+ 94. Kf3 Rc3+ 95. Kf2 Rc6 96. Rf8+ Ke5 97. Re8+ Kd4 98. Rd8+ Ke4 99. Re8+ Kf5 100. Rf8+ Rf6 101. Rxf6+ Kxf6 102. Kf3 Ke5 103. Kf2 Ke4 104. Ke2 f3+ 105. Kf2 Kf4 106. Kf1 Kg4 107. Kf2 Kf4 108. Kf1 Ke3 109. Ke1 f2+ 110. Kf1 Kf3 1/2-1/2

[Event "Titled Tuesday intern op 12th Mar Late"]
[Site "Chess.com INT"]
[Date "2024.03.12"]
[Round "9"]
[White "Maurizzi, Marc Andria"]
[Black "Niemann, Hans Moke"]
[Result "1/2-1/2"]
[WhiteElo "2602"]
[BlackElo "2676"]
[PlyCount "111"]
[EventDate "2024.03.12"]
[EventType "swiss (blitz)"]
[EventRounds "11"]
[EventCountry "USA"]
[SourceTitle "CB12_2024"]
[SourceDate "2023.10.01"]
[SourceVersion "1"]
[SourceVersionDate "2023.10.01"]
[SourceQuality "1"]

1. e4 c5 2. Nf3 d6 3. Nc3 a6 4. g3 b5 5. Bg2 Bb7 6. d4 cxd4 7. Nxd4 Nf6 8. 0-0 e6 9. Re1 Qc7 10. a4 bxa4 11. Nd5 Nxd5 12. exd5 e5 13. Rxa4 Be7 14. Nf5 g6 15. Nxe7 Qxe7 16. Bh6 Nd7 17. Rb4 Nc5 18. c4 g5 19. Rb6 Qc7 20. Rxb7 Qxb7 21. Bxg5 Qxb2 22. Bh3 e4 23. Be3 Rg8 24. Bxc5 dxc5 25. Rxe4+ Kf8 26. d6 Rd8 27. d7 Qf6 28. Qd5 Rg5 29. Qb7 Re5 30. Rf4 Re1+ 31. Kg2 Qa1 32. Bg4 Rg1+ 33. Kh3 Qg7 34. Bh5 f6 35. Qc6 Qxd7+ 36. Qxd7 Rxd7 37. Rxf6+ Kg7 38. Rxa6 Rc1 39. Bg4 Re7 40. Be6 Rc2 41. f4 Rb7 42. f5 Rbb2 43. Kg4 Rxh2 44. Bd5 Rbf2 45. Bf3 Rf1 46. f6+ Kh6 47. Bd5 Rhf2 48. f7+ Kg7 49. Rc6 Rf6 50. Rxc5 Rg6+ 51. Kh3 Rf2 52. Rc8 Rh6+ 53. Kg4 Rg6+ 54. Kh3 Rh6+ 55. Kg4 Rg6+ 56. Kh3 1/2-1/2

[Event "Titled Tuesday intern op 12th Mar Late"]
[Site "Chess.com INT"]
[Date "2024.03.12"]
[Round "7"]
[White "Rojas Alarcon, Julian Antonio"]
[Black "Maurizzi, Marc Andria"]
[Result "0-1"]
[WhiteElo "2357"]
[BlackElo "2602"]
[PlyCount "118"]
[EventDate "2024.03.12"]
[EventType "swiss (blitz)"]
[EventRounds "11"]
[EventCountry "USA"]
[SourceTitle "CB12_2024"]
[SourceDate "2023.10.01"]
[SourceVersion "1"]
[SourceVersionDate "2023.10.01"]
[SourceQuality "1"]

1. d4 Nf6 2. c4 g6 3. Nc3 Bg7 4. g3 d6 5. Bg2 0-0 6. e3 Nc6 7. Nge2 e5 8. h3 Re8 9. 0-0 h5 10. b3 Bf5 11. Bb2 a6 12. Nd5 Nxd5 13. cxd5 Ne7 14. e4 Bd7 15. dxe5 dxe5 16. Rc1 c6 17. Nc3 cxd5 18. Nxd5 Nxd5 19. exd5 h4 20. g4 Bh6 21. Rc4 Bb5 22. Re1 Bxc4 23. bxc4 Bf4 24. c5 Rc8 25. c6 bxc6 26. dxc6 Qb6 27. Qc2 Re6 28. Bd5 Rexc6 29. Bxc6 Rxc6 30. Qe2 Rf6 31. Rd1 Rd6 32. Bc3 Rxd1+ 33. Qxd1 Qc6 34. Qd3 Qb5 35. Qe4 Qc5 36. Bb4 Qc8 37. Be7 Qe6 38. Qa8+ Kh7 39. Qf8 Bh6 40. Qd8 Qxa2 41. Bxh4 Bg7 42. Be7 Qe6 43. Qc7 e4 44. Bc5 Qc4 45. Qa7 Qc1+ 46. Kg2 Qc4 47. Be3 Bc3 48. h4 a5 49. h5 gxh5 50. gxh5 Qd5 51. Kf1 Qxh5 52. Qc7 Bg7 53. Ke1 a4 54. Qa7 Qh1+ 55. Kd2 Qa1 56. Qd7 Qc3+ 57. Ke2 Qd3+ 58. Qxd3 exd3+ 59. Kxd3 a3 0-1

[Event "Titled Tuesday intern op 06th Feb Late"]
[Site "Chess.com INT"]
[Date "2024.02.06"]
[Round "2"]
[White "Aldokhin, Ivan"]
[Black "Maurizzi, Marc Andria"]
[Result "0-1"]
[WhiteElo "2413"]
[BlackElo "2597"]
[PlyCount "124"]
[EventDate "2024.02.06"]
[EventType "swiss (blitz)"]
[EventRounds "11"]
[EventCountry "USA"]
[SourceTitle "CB07_2024"]
[SourceDate "2024.02.14"]
[SourceVersion "1"]
[SourceVersionDate "2024.02.14"]
[SourceQuality "1"]

1. e4 c6 2. Nc3 d5 3. d4 dxe4 4. Nxe4 Nf6 5. Nxf6+ exf6 6. c3 Bd6 7. Bd3 0-0 8. Ne2 Re8 9. Qc2 g6 10. 0-0 Nd7 11. Ng3 f5 12. Bd2 Nf6 13. Rae1 Be6 14. Bg5 Be7 15. Bxf6 Bxf6 16. Ne2 Qd6 17. Qd2 b5 18. a3 Kg7 19. Nf4 Bd7 20. g3 a5 21. Rxe8 Rxe8 22. Re1 Rxe1+ 23. Qxe1 c5 24. Qe2 cxd4 25. Bxb5 Bxb5 26. Qxb5 dxc3 27. bxc3 Qxa3 28. Qd7 Qe7 29. Qc6 Qe1+ 30. Kg2 Qxc3 31. Qd7 Qc4 32. Nd5 a4 33. Nxf6 Kxf6 34. Qd6+ Kg7 35. Qe5+ f6 36. Qe7+ Qf7 37. Qa3 Qb7+ 38. Kh3 Qa7 39. Kg2 g5 40. h4 Qb7+ 41. Kh2 gxh4 42. gxh4 Qb8+ 43. Kg2 Qa8+ 44. Kh2 Qa7 45. Kg2 h5 46. Qg3+ Kh7 47. Qf3 Qg7+ 48. Kf1 Qg4 49. Qa8 Qxh4 50. Qf8 Qh1+ 51. Ke2 Qe4+ 52. Kf1 Qc4+ 53. Kg1 Qg4+ 54. Kf1 Qg7 55. Qe8 Kh6 56. Qxa4 Qg4 57. Qe8 Kg5 58. Qg8+ Kh4 59. Qd8 Qh3+ 60. Ke2 Qg4+ 61. Kf1 Kh3 62. Qxf6 Qd1# 0-1

[Event "Titled Tuesday intern op 06th Feb Early"]
[Site "Chess.com INT"]
[Date "2024.02.06"]
[Round "8"]
[White "Lagarde, Maxime"]
[Black "Maurizzi, Marc Andria"]
[Result "1/2-1/2"]
[WhiteElo "2631"]
[BlackElo "2597"]
[PlyCount "162"]
[EventDate "2024.02.06"]
[EventType "swiss (blitz)"]
[EventRounds "11"]
[EventCountry "USA"]
[SourceTitle "CB07_2024"]
[SourceDate "2024.02.14"]
[SourceVersion "1"]
[SourceVersionDate "2024.02.14"]
[SourceQuality "1"]

1. d4 Nf6 2. Nf3 c5 3. d5 g6 4. Nc3 d6 5. e4 Bg7 6. Bb5+ Bd7 7. a4 a6 8. Be2 Bg4 9. Nd2 Bxe2 10. Qxe2 Nbd7 11. Nc4 0-0 12. 0-0 Nb6 13. Ne3 e6 14. a5 Nbd7 15. dxe6 fxe6 16. Rd1 Qe7 17. Nc4 Ne8 18. Be3 Ne5 19. Na4 Nxc4 20. Qxc4 Be5 21. g3 g5 22. Nb6 Rd8 23. c3 Ng7 24. Qe2 Bf6 25. Rd2 Qc7 26. Rad1 Be7 27. Qc4 Qc6 28. h3 h6 29. b4 cxb4 30. Qxc6 bxc6 31. cxb4 d5 32. Bc5 Bxc5 33. bxc5 Ne8 34. Nc4 Rc8 35. Ne5 Nf6 36. exd5 exd5 37. Rb2 Ne4 38. Rb7 Rxf2 39. Rdb1 Rcf8 40. Nxc6 R2f6 41. Ne7+ Kh8 42. Nxd5 Rf3 43. Rb8 Nxc5 44. Rxf8+ Rxf8 45. Rb6 Rf3 46. Kg2 Rd3 47. Rxh6+ Kg7 48. Rd6 Ne4 49. Rd7+ Kf8 50. Nb6 Rxg3+ 51. Kh2 Ra3 52. Rd4 Ra2+ 53. Kg1 Ng3 54. Rd5 Ne2+ 55. Kf1 Ng3+ 56. Ke1 Ne4 57. Re5 Nc3 58. Rxg5 Kf7 59. Kf1 Ne4 60. Re5 Nd2+ 61. Kf2 Nb3+ 62. Re2 Rxa5 63. Nc4 Rf5+ 64. Ke1 Nc5 65. Kd2 Kf6 66. Ne3 Rf3 67. Ng4+ Kg5 68. Re3 Rf5 69. Re5 Nd7 70. Rxf5+ Kxf5 71. Ne3+ Ke4 72. Nc4 Nc5 73. Nb2 Kd4 74. Kc2 a5 75. h4 Ne4 76. h5 Ng5 77. h6 Nh7 78. Kb3 Ke5 79. Ka4 Kf6 80. Kxa5 Kg6 81. Na4 Kxh6 1/2-1/2

[Event "Titled Tuesday intern op 06th Feb Late"]
[Site "Chess.com INT"]
[Date "2024.02.06"]
[Round "3"]
[White "Maurizzi, Marc Andria"]
[Black "Bellahcene, Bilel"]
[Result "1/2-1/2"]
[WhiteElo "2597"]
[BlackElo "2516"]
[PlyCount "126"]
[EventDate "2024.02.06"]
[EventType "swiss (blitz)"]
[EventRounds "11"]
[EventCountry "USA"]
[SourceTitle "CB07_2024"]
[SourceDate "2024.02.14"]
[SourceVersion "1"]
[SourceVersionDate "2024.02.14"]
[SourceQuality "1"]

1. Nf3 Nf6 2. g3 d5 3. Bg2 e6 4. 0-0 Be7 5. c4 0-0 6. b3 d4 7. e3 Nc6 8. exd4 Nxd4 9. Bb2 Bc5 10. d3 Nxf3+ 11. Bxf3 Bd4 12. Nc3 c6 13. Re1 e5 14. Qc2 Bf5 15. Rad1 Re8 16. Ne2 Bxb2 17. Qxb2 Qc7 18. d4 exd4 19. Nxd4 Bg6 20. Kg2 h6 21. b4 Rxe1 22. Rxe1 Rd8 23. Nb3 Bd3 24. Qc3 Bf5 25. Qe5 Qc8 26. Kg1 Re8 27. Qa1 Be4 28. Bxe4 Nxe4 29. h4 b6 30. Qd4 Nf6 31. Rxe8+ Qxe8 32. Nd2 Qe7 33. a3 Kf8 34. Kg2 Ke8 35. Nf3 Qe4 36. Qc3 Kf8 37. Kg1 Ng4 38. Qd4 Qxd4 39. Nxd4 Ne5 40. c5 bxc5 41. bxc5 a6 42. f4 Nd3 43. Nxc6 Nxc5 44. Kf2 Ke8 45. Ke3 Kd7 46. Ne5+ Ke6 47. Kd4 Nb7 48. Nd3 Kd6 49. Nb4 a5 50. Nd3 Nd8 51. Kc4 Kc6 52. Ne5+ Kb6 53. Kd5 Kb5 54. Kd6 f6 55. Nd3 Ka4 56. Ke7 Nc6+ 57. Kf7 Kxa3 58. Kxg7 Kb3 59. Kxh6 Kc3 60. Nc5 Kb4 61. Nd3+ Kc3 62. Nc5 Kb4 63. Nd3+ Kc3 1/2-1/2

[Event "Titled Tuesday intern op 06th Feb Early"]
[Site "Chess.com INT"]
[Date "2024.02.06"]
[Round "2"]
[White "Maurizzi, Marc Andria"]
[Black "Golubev, Mikhail"]
[Result "1/2-1/2"]
[WhiteElo "2597"]
[BlackElo "2461"]
[PlyCount "188"]
[EventDate "2024.02.06"]
[EventType "swiss (blitz)"]
[EventRounds "11"]
[EventCountry "USA"]
[SourceTitle "CB07_2024"]
[SourceDate "2024.02.14"]
[SourceVersion "1"]
[SourceVersionDate "2024.02.14"]
[SourceQuality "1"]

1. e4 c5 2. Nf3 d6 3. d4 cxd4 4. Nxd4 Nf6 5. Nc3 g6 6. Bg5 Bg7 7. Bb5+ Bd7 8. Qe2 a6 9. Bxd7+ Nbxd7 10. 0-0-0 Rc8 11. Kb1 0-0 12. Rhe1 Rxc3 13. bxc3 Qc7 14. Bd2 Nb6 15. f3 Nc4 16. Bc1 Nd7 17. e5 Bxe5 18. f4 Bf6 19. g4 Ndb6 20. g5 Na4 21. Qd3 Bg7 22. Rxe7 Qxe7 23. Qxc4 b5 24. Qc6 d5 25. f5 gxf5 26. Nxf5 Qe2 27. Rd3 Re8 28. Nd6 Re6 29. Qd7 Rxd6 30. Qxd6 Nxc3+ 31. Rxc3 Bxc3 32. Qxd5 Qc4 33. Qd6 Qb4+ 34. Qxb4 Bxb4 35. Kb2 Bd6 36. h3 Kf8 37. c4 bxc4 38. Kc3 Ke7 39. Kxc4 Ke6 40. Kd4 Be7 41. h4 f6 42. Ke4 fxg5 43. hxg5 Bd6 44. Bf4 Be7 45. a4 Bc5 46. Bg3 Bb6 47. Be1 Bc5 48. Kf4 Bd6+ 49. Kg4 Bc7 50. Kh5 Kf7 51. Bd2 Kg8 52. Kg4 Kf7 53. Kf5 Bd6 54. Bf4 Bb4 55. Ke5 Ke7 56. Kd5 Kd7 57. Be5 Be7 58. Bf4 Ba3 59. Ke4 Ke6 60. Kd4 Be7 61. Ke4 Bd8 62. Bd2 Be7 63. Kd4 Bd6 64. Kc4 Be7 65. Kd4 Bd6 66. Ke4 Be7 67. Kf4 Bd6+ 68. Kg4 Be7 69. Kh5 Kf7 70. Kh6 Kg8 71. g6 hxg6 72. Kxg6 Kf8 73. Kf5 Kf7 74. Ke5 Ba3 75. Kd5 Ke7 76. Kc6 Kd8 77. Kb7 Bb2 78. Bf4 a5 79. Bc7+ Kd7 80. Bxa5 Be5 81. Bb4 Bc7 82. Bc5 Bd8 83. Bd4 Bc7 84. Bf2 Bd8 85. Bg3 Ba5 86. Be5 Bd8 87. Bd4 Ba5 88. Bb6 Bxb6 89. Kxb6 Kc8 90. Ka7 Kc7 91. a5 Kc8 92. a6 Kc7 93. Ka8 Kc8 94. a7 Kc7 1/2-1/2

[Event "Titled Tuesday intern op 06th Feb Late"]
[Site "Chess.com INT"]
[Date "2024.02.06"]
[Round "7"]
[White "Maurizzi, Marc Andria"]
[Black "Holt, Conrad"]
[Result "0-1"]
[WhiteElo "2597"]
[BlackElo "2540"]
[PlyCount "64"]
[EventDate "2024.02.06"]
[EventType "swiss (blitz)"]
[EventRounds "11"]
[EventCountry "USA"]
[SourceTitle "CB07_2024"]
[SourceDate "2024.02.14"]
[SourceVersion "1"]
[SourceVersionDate "2024.02.14"]
[SourceQuality "1"]

1. e4 e6 2. d4 d5 3. Nc3 Nf6 4. Bg5 dxe4 5. Nxe4 Be7 6. Nxf6+ Bxf6 7. Bxf6 Qxf6 8. Nf3 c5 9. Qd3 cxd4 10. Qxd4 Qxd4 11. Nxd4 Ke7 12. 0-0-0 Rd8 13. Be2 Nd7 14. Nb5 Nf6 15. Rxd8 Kxd8 16. Rd1+ Ke7 17. Bf3 Ne8 18. Rd3 a6 19. Nd4 Nd6 20. b3 e5 21. Re3 Kf6 22. Ne2 Bf5 23. Ng3 Bg6 24. c4 Rc8 25. Bg4 Rc7 26. Ne2 Kg5 27. Bh3 f6 28. Nc3 b5 29. cxb5 axb5 30. Kb2 b4 31. Ne2 Rc2+ 32. Kb1 Rxe2+ 0-1

[Event "Titled Tuesday intern op 06th Feb Early"]
[Site "Chess.com INT"]
[Date "2024.02.06"]
[Round "7"]
[White "Maurizzi, Marc Andria"]
[Black "Quispe Arteaga, Gabriel"]
[Result "1-0"]
[WhiteElo "2597"]
[BlackElo "2388"]
[PlyCount "83"]
[EventDate "2024.02.06"]
[EventType "swiss (blitz)"]
[EventRounds "11"]
[EventCountry "USA"]
[SourceTitle "CB07_2024"]
[SourceDate "2024.02.14"]
[SourceVersion "1"]
[SourceVersionDate "2024.02.14"]
[SourceQuality "1"]

1. e4 c5 2. Nf3 e6 3. c3 Nf6 4. e5 Nd5 5. d4 cxd4 6. cxd4 Nc6 7. Bc4 d6 8. 0-0 Nb6 9. Bb5 dxe5 10. dxe5 Qxd1 11. Rxd1 Bd7 12. Nc3 a6 13. Be2 Ne7 14. Ne4 Ned5 15. b3 Rc8 16. Bb2 Rc2 17. Rd2 Rxd2 18. Nfxd2 Bb4 19. a3 Be7 20. Nc4 Nxc4 21. Bxc4 Bc6 22. Rc1 0-0 23. Nd6 Bxd6 24. exd6 Rc8 25. f3 f6 26. Kf2 Kf7 27. a4 Bd7 28. Bd3 Rxc1 29. Bxc1 h6 30. Be4 Bc6 31. h4 Ke8 32. h5 Kd7 33. g4 Nb4 34. Bb1 Bd5 35. f4 Bxb3 36. g5 fxg5 37. fxg5 hxg5 38. Bxg5 Bc2 39. Bxc2 Nxc2 40. Bf6 Nb4 41. Bxg7 Nd3+ 42. Ke3 1-0

[Event "EU-ch Blitz"]
[Site "Zagreb"]
[Date "2023.12.16"]
[Round "9"]
[White "Indjic, Aleksandar"]
[Black "Maurizzi, Marc Andria"]
[Result "1-0"]
[WhiteElo "2589"]
[BlackElo "2572"]
[PlyCount "92"]
[EventDate "2023.12.16"]
[EventType "swiss (blitz)"]
[EventRounds "13"]
[EventCountry "CRO"]
[SourceTitle "CB51_2023"]
[SourceDate "2023.12.20"]
[SourceVersion "1"]
[SourceVersionDate "2023.12.20"]
[SourceQuality "1"]

1. d4 Nf6 2. Nf3 g6 3. Bg5 Bg7 4. Nbd2 0-0 5. c3 d5 6. e3 b6 7. Be2 Bb7 8. a4 a5 9. 0-0 Nbd7 10. h3 e6 11. Ne5 h6 12. Bh4 Qc8 13. f4 Ne4 14. Nxe4 dxe4 15. Qb3 Bd5 16. Bc4 c6 17. Bxd5 exd5 18. c4 Nxe5 19. fxe5 Qe6 20. Rac1 g5 21. Bg3 Rfc8 22. Rf2 dxc4 23. Qxc4 Qxc4 24. Rxc4 b5 25. Rc3 bxa4 26. Ra3 c5 27. Rxa4 cxd4 28. exd4 Rc1+ 29. Kh2 h5 30. h4 gxh4 31. Bf4 Re1 32. Bd2 Rb1 33. Bg5 Re1 34. Bxh4 Rd1 35. Rf4 Rc8 36. Rxe4 Rcc1 37. Rxa5 Rh1+ 38. Kg3 Rc4 39. Bf6 Bh6 40. e6 fxe6 41. Ra7 Rb4 42. Rxe6 Rb3+ 43. Kf2 Rxb2+ 44. Re2 Rxe2+ 45. Kxe2 Rc1 46. Be5 Rc8 1-0

[Event "EU-ch Blitz"]
[Site "Zagreb"]
[Date "2023.12.16"]
[Round "7"]
[White "Pultinevicius, Paulius"]
[Black "Maurizzi, Marc Andria"]
[Result "1-0"]
[WhiteElo "2584"]
[BlackElo "2572"]
[PlyCount "73"]
[EventDate "2023.12.16"]
[EventType "swiss (blitz)"]
[EventRounds "13"]
[EventCountry "CRO"]
[SourceTitle "CB51_2023"]
[SourceDate "2023.12.20"]
[SourceVersion "1"]
[SourceVersionDate "2023.12.20"]
[SourceQuality "1"]

1. d4 Nf6 2. c4 e6 3. Nf3 d5 4. Nc3 c5 5. e3 Nc6 6. cxd5 exd5 7. Bb5 Bd6 8. dxc5 Bxc5 9. 0-0 0-0 10. b3 a6 11. Bxc6 bxc6 12. Bb2 Bg4 13. Ne2 Ne4 14. Ne5 Bxe2 15. Qxe2 Qd6 16. Rac1 Rfe8 17. Nf3 a5 18. Nd4 Bxd4 19. Bxd4 c5 20. Ba1 a4 21. Rfd1 axb3 22. axb3 Qc6 23. Qg4 f6 24. Qe2 Rab8 25. Qd3 Red8 26. f3 Ng5 27. Qc2 Ne6 28. f4 Rbc8 29. h3 Qb7 30. Qd3 Qc6 31. Bb2 Qb7 32. Ba3 d4 33. f5 Ng5 34. Rxc5 dxe3 35. Qxd8+ Rxd8 36. Rxd8+ Kf7 37. Rc7+ 1-0

[Event "EU-ch Rapid"]
[Site "Zagreb"]
[Date "2023.12.15"]
[Round "7"]
[White "Maurizzi, Marc Andria"]
[Black "Safarli, Eltaj"]
[Result "1/2-1/2"]
[WhiteElo "2572"]
[BlackElo "2609"]
[PlyCount "177"]
[EventDate "2023.12.14"]
[EventType "swiss (rapid)"]
[EventRounds "11"]
[EventCountry "CRO"]
[SourceTitle "CB51_2023"]
[SourceDate "2023.12.20"]
[SourceVersion "1"]
[SourceVersionDate "2023.12.20"]
[SourceQuality "1"]

1. e4 c5 2. Nf3 Nc6 3. Bb5 d6 4. 0-0 Bd7 5. Re1 Nf6 6. c3 a6 7. Bf1 Bg4 8. d4 cxd4 9. cxd4 e5 10. d5 Nd4 11. Be3 Nxf3+ 12. gxf3 Bd7 13. Nd2 Be7 14. Nc4 0-0 15. Nb6 Rb8 16. Rc1 Bb5 17. Bxb5 axb5 18. Qb3 Qe8 19. a4 bxa4 20. Qxa4 Qxa4 21. Nxa4 Rfc8 22. Nb6 Rxc1 23. Rxc1 Kf8 24. Nc8 Ne8 25. f4 f6 26. Kg2 Bd8 27. fxe5 fxe5 28. f4 Bf6 29. Nb6 Ke7 30. f5 Kf7 31. Rc3 Be7 32. Kf3 Nf6 33. Rc7 Ne8 34. Rc4 Nf6 35. Bd2 Bd8 36. Nc8 Ne8 37. Bb4 Bc7 38. Rxc7+ Nxc7 39. Nxd6+ Kf6 40. Bc3 b5 41. Ke3 Ne8 42. Bb4 Nxd6 43. Bxd6 Rc8 44. Bb4 Rc4 45. Bc3 b4 46. Bd2 Rc2 47. Bxb4 Rxb2 48. Ba5 Rb3+ 49. Ke2 Ke7 50. Bc7 Rb4 51. Ke3 Kf6 52. Bd8+ Kf7 53. Bc7 Rb3+ 54. Ke2 Rb7 55. Ba5 g6 56. fxg6+ hxg6 57. Bc3 Kf6 58. h4 Rb3 59. Bd2 Rh3 60. Bg5+ Kf7 61. Kf2 Rb3 62. Ke2 Ra3 63. Kf2 Ra6 64. Kf3 Ke8 65. Kg4 Ra4 66. Kf3 Kd7 67. Bh6 Ra1 68. Ke2 Rh1 69. Bg5 Kd6 70. Kd3 Rh3+ 71. Ke2 Rb3 72. Be3 Ra3 73. Bh6 Ra8 74. Be3 Ra2+ 75. Kf3 Ra3 76. Ke2 Rb3 77. Kf3 Rb1 78. Bf2 Rb4 79. Be3 Ra4 80. Bf2 Ra3+ 81. Be3 Ra8 82. Ke2 Rf8 83. Bf2 Rf4 84. Ke3 Rf7 85. Ke2 Rf4 86. Ke3 Rf7 87. Ke2 Rh7 88. Kf3 Rf7+ 89. Ke2 1/2-1/2

[Event "EU-ch Rapid"]
[Site "Zagreb"]
[Date "2023.12.14"]
[Round "6"]
[White "Fedorchuk, Sergey A"]
[Black "Maurizzi, Marc Andria"]
[Result "0-1"]
[WhiteElo "2546"]
[BlackElo "2572"]
[PlyCount "100"]
[EventDate "2023.12.14"]
[EventType "swiss (rapid)"]
[EventRounds "11"]
[EventCountry "CRO"]
[SourceTitle "CB51_2023"]
[SourceDate "2023.12.20"]
[SourceVersion "1"]
[SourceVersionDate "2023.12.20"]
[SourceQuality "1"]

1. e4 c6 2. d4 d5 3. exd5 cxd5 4. Bd3 Nc6 5. c3 Nf6 6. Bf4 Bg4 7. Qb3 e5 8. dxe5 Nh5 9. Be3 Nxe5 10. Bb5+ Nc6 11. Nd2 Nf6 12. Ngf3 Bd6 13. h3 Bd7 14. 0-0 0-0 15. Rad1 a6 16. Bd3 b5 17. Bb1 h6 18. Qc2 Re8 19. Nb3 Qc8 20. Rfe1 Ne7 21. Bd4 Bf5 22. Qc1 Bxb1 23. Qxb1 Ne4 24. Be5 Bxe5 25. Nxe5 Qf5 26. Nf3 Ng6 27. Nbd4 Qf6 28. Re3 Nf4 29. Qc2 Qg6 30. Ne1 Re5 31. Kh2 Rae8 32. Rf3 Nh5 33. Nd3 R5e7 34. Kg1 Ng5 35. Qb3 Nxf3+ 36. Nxf3 Nf6 37. Nb4 Re2 38. Nxd5 Nxd5 39. Rxd5 Qb1+ 40. Kh2 Qxb2 41. Nd4 Rxf2 42. Qxb2 Rxb2 43. a4 bxa4 44. Ra5 Ra2 45. Rxa6 Rc8 46. Nc6 Kh7 47. Nb4 Rd2 48. Rxa4 Rxc3 49. Ra7 Rc4 50. Rb7 Rb2 0-1